Players LeBron James Has Assisted the Most - Statistics

General Stats
  • This quiz has been taken 32 times
  • The average score is 7 of 10
Answer Stats
Assists Player Teammates Team % Correct
482 Chris Bosh 2010-2014 MIA
100%
428 Dwyane Wade 2010-2014, 2017-2018 MIA, CLE
100%
293 Anthony Davis 2019-2025 LAL
96%
502 Kevin Love 2014-2018 CLE
96%
785 Zydrunas Ilgauskas 2003-2010, 2010-2011 CLE, MIA
75%
287 JR Smith 2015-2018 CLE
68%
231 Mo Williams 2008-2010, 2015-2016 CLE
46%
354 Anderson Varejao 2004-2010, 2014-2016 CLE
36%
248 Kyle Kuzma 2018-2021 LAL
21%
356 Drew Gooden 2004-2008 CLE
11%
No matching quizzes found
Score Distribution
Percent of People with Each Score
Percentile by Number Answered
Your Score History
You have not taken this quiz